Optimalizácia výrobnej štruktúry vybraného priemyselného podniku prostredníctvom modelu lineárneho programovania

Guardado en:
Detalles Bibliográficos
Autor principal: Šnirc, Tomáš, 1987- (Autor)
Otros Autores: Komorníková, Magda, 1949- (Orientador)
Formato: Manuscrito Libro
Lenguaje:eslovaco
Publicado: Bratislava : STU v Bratislave SvF, 2012
Materias:
Acceso en línea:VAIS
Etiquetas: Agregar Etiqueta
Sin Etiquetas, Sea el primero en etiquetar este registro!

MARC

LEADER 00000ntm a22000003a 4500
001 stu252220
005 20150617230229.2
008 120721s2012----xo------------------slo-d
040 |a STU  |b slo 
041 0 |a slo 
044 |a xo 
100 1 |a Šnirc, Tomáš,  |d 1987-  |4 aut  |u V  |T SvF Stavebná fakulta  |X 50458  |U V  |Y 10  |7 A000050458 
242 0 0 |a Optimalization production structure of industrial enterprises through linear programming model.  |y eng 
245 1 |a Optimalizácia výrobnej štruktúry vybraného priemyselného podniku prostredníctvom modelu lineárneho programovania 
260 |a Bratislava :  |b STU v Bratislave SvF,  |c 2012 
650 7 |a matematicko-počítačové modelovanie  |2 stusub 
650 7 |a Mathematical and Computational Modeling  |2 estusub 
650 7 |a lineárne programovanie  |2 stusub 
700 1 |a Komorníková, Magda,  |d 1949-  |4 ths  |u V220  |U SvF Stavebná fakulta  |T SvF Katedra matematiky a deskriptívnej geometrie  |X 859  |U V220  |Y 23  |7 A000000859 
856 4 |a info a plný text  |u http://is.stuba.sk/zp/portal_zp.pl?podrobnosti=49499  |3 VAIS